| 000 | 00671nam a2200217 a 4500 | ||
|---|---|---|---|
| 008 | |||
| 049 | _aMAIN | ||
| 090 |
_aTS156.8 _bBHE |
||
| 100 | 1 | _aBhero, Ernest | |
| 245 | 1 | 0 |
_aMicrocontroller based liquid fuel consumption control / _cErnest Bhero. |
| 260 |
_aBulawayo : _bNUST, _c2003. |
||
| 300 |
_aiv, 143p. _bill. : _c31 cm. |
||
| 504 | _aIncludes bibliographical references. | ||
| 500 | _aThesis (MSc)---NUST , 2003 | ||
| 700 |
_aNUST. _bDept Of Electronic Engineering. _tThesis. |
||
| 907 |
_a.b10325827 _b04-02-16 _c14-01-13 |
||
| 003 | |||
| 005 | 20230123121957.0 | ||
| 040 | _cNUST | ||
| 942 |
_cBOOKS _kTS156.8 _mBHE |
||
| 999 |
_c125681 _d125681 |
||